[Event "CZE-ch U16 Girls"]
[Site "Kouty nad Desnou"]
[Date "2011.03.18"]
[Round "8"]
[White "Budikova, Katerina"]
[Black "Marikova, Jana"]
[Result "0-1"]
[WhiteElo "1741"]
[BlackElo "1860"]
[PlyCount "92"]
[EventDate "2011.03.12"]
[EventType "swiss"]
[EventRounds "9"]
[EventCountry "CZE"]
[SourceTitle "EXT 2014"]
[Source "ChessBase"]
[SourceDate "2013.11.20"]
[SourceVersion "1"]
[SourceVersionDate "2013.11.20"]
[SourceQuality "1"]

1. d4 Nf6 2. c4 g6 3. Nc3 Bg7 4. Nf3 0-0 5. b3 d6 6. Bb2 Nbd7 7. e4 e5 8. d5 Ne8 9. Bd3 f5 10. exf5 gxf5 11. Bc2 e4 12. Nd4 Ne5 13. f3 Qg5 14. Qe2 Nd3+ 15. Bxd3 exd3 16. Qxd3 Qh4+ 17. g3 Qxd4 18. Qxd4 Bxd4 19. 0-0-0 Be5 20. f4 Bg7 21. h3 Bd7 22. Kc2 Nf6 23. Rdg1 Rae8 24. Bc1 Re7 25. Re1 Rfe8 26. Rxe7 Rxe7 27. Kd3 Nh5 28. Rg1 Bxc3 29. Kxc3 Rg7 30. Kd3 Nxg3 31. Bd2 Ne4 32. Rxg7+ Kxg7 33. Be1 c6 34. dxc6 bxc6 35. b4 Kf6 36. a3 Ke6 37. Kd4 d5 38. a4 c5+ 39. bxc5 dxc4 40. Kxc4 Bxa4 41. Kb4 Bc6 42. Kc4 a6 43. Kd4 Nf6 44. Bd2 Bb5 45. h4 Nd5 46. Be1 Nxf4 0-1

[Event "CZE-ch U16 Girls"]
[Site "Kouty nad Desnou"]
[Date "2011.03.14"]
[Round "3"]
[White "Johnova, Eliska"]
[Black "Budikova, Katerina"]
[Result "1-0"]
[WhiteElo "1758"]
[BlackElo "1741"]
[PlyCount "71"]
[EventDate "2011.03.12"]
[EventType "swiss"]
[EventRounds "9"]
[EventCountry "CZE"]
[SourceTitle "EXT 2014"]
[Source "ChessBase"]
[SourceDate "2013.11.20"]
[SourceVersion "1"]
[SourceVersionDate "2013.11.20"]
[SourceQuality "1"]

1. e4 e6 2. d4 d5 3. exd5 exd5 4. c4 Nf6 5. Nc3 Be6 6. Qb3 b6 7. Nf3 Be7 8. Bf4 0-0 9. Bd3 Nc6 10. Qa4 Nb4 11. Be2 dxc4 12. 0-0 a6 13. a3 b5 14. Qd1 Nbd5 15. Bg3 Nh5 16. Nxd5 Qxd5 17. Bxc7 Bd6 18. Bxd6 Qxd6 19. Qc2 Qd7 20. Rfd1 Bf5 21. Qd2 Nf6 22. Ne5 Qe6 23. Bf3 Rad8 24. Nc6 Rd6 25. d5 Qd7 26. a4 Rc8 27. axb5 axb5 28. Ra7 Rc7 29. Rxc7 Qxc7 30. Qb4 Bd7 31. Qxb5 Bxc6 32. dxc6 Ne4 33. Qxc4 Rxd1+ 34. Bxd1 Qd6 35. Qc2 Kf8 36. c7 1-0

[Event "CZE-ch U16 Girls"]
[Site "Kouty nad Desnou"]
[Date "2010.03.12"]
[Round "8"]
[White "Zavadilova, Karolina"]
[Black "Budikova, Katerina"]
[Result "1-0"]
[WhiteElo "1756"]
[BlackElo "1397"]
[PlyCount "96"]
[EventDate "2010.03.06"]
[EventType "swiss"]
[EventRounds "9"]
[EventCountry "CZE"]
[SourceTitle "EXT 2012"]
[Source "ChessBase"]
[SourceDate "2011.11.24"]
[SourceVersion "1"]
[SourceVersionDate "2011.11.24"]
[SourceQuality "1"]

1. e4 e6 2. d3 d5 3. Nd2 Bd6 4. Ngf3 Nd7 5. g3 Ngf6 6. Bg2 0-0 7. 0-0 dxe4 8. dxe4 Rb8 9. Re1 Ng4 10. Nc4 Bc5 11. Re2 Nb6 12. Qxd8 Rxd8 13. Ne3 Nxe3 14. Bxe3 Bxe3 15. Rxe3 Nc4 16. Rc3 Nxb2 17. Rxc7 Rd7 18. Rxd7 Bxd7 19. Ne5 Be8 20. Rb1 Na4 21. Rb3 f6 22. Nd3 e5 23. f4 exf4 24. gxf4 b6 25. Bh3 Bc6 26. Be6+ Kf8 27. Bd5 Bxd5 28. exd5 Rc8 29. Ra3 Nc5 30. Rc3 Ke7 31. Nxc5 Rxc5 32. Rxc5 bxc5 33. c4 f5 34. Kf2 g6 35. Ke3 a5 36. h4 h5 37. Kd3 a4 38. Kc3 Kd6 39. Kb2 Ke7 40. Ka3 g5 41. fxg5 f4 42. g6 f3 43. d6+ Kxd6 44. g7 f2 45. g8Q f1Q 46. Qd5+ Ke7 47. Qxc5+ Kd7 48. Qb5+ Kd6 1-0

[Event "CZE-ch U14 Girls"]
[Site "Kouty nad Desnou"]
[Date "2009.03.11"]
[Round "6"]
[White "Budikova, Katerina"]
[Black "Vlckova, Katerina"]
[Result "1/2-1/2"]
[WhiteElo "1250"]
[BlackElo "1415"]
[PlyCount "79"]
[EventDate "2009.03.07"]
[EventType "swiss"]
[EventRounds "9"]
[EventCountry "CZE"]
[SourceTitle "EXT 2011"]
[Source "ChessBase"]
[SourceDate "2010.11.26"]
[SourceVersion "1"]
[SourceVersionDate "2010.11.26"]
[SourceQuality "1"]

1. d4 d5 2. c4 c6 3. Nf3 Nf6 4. Bg5 e6 5. Nc3 Be7 6. e3 Nbd7 7. cxd5 exd5 8. Bd3 0-0 9. 0-0 Nb6 10. Qc2 h6 11. Bh4 Re8 12. Ne5 Be6 13. f4 Ng4 14. Bxe7 Qxe7 15. Rf3 Nxe5 16. fxe5 Rf8 17. Raf1 Nd7 18. Ne2 f6 19. Nf4 g5 20. Ng6 Qg7 21. Nxf8 Rxf8 22. exf6 Rxf6 23. Rg3 Kh8 24. Bf5 Qf7 25. Rgf3 Bxf5 26. Rxf5 Kg7 27. Rxf6 Nxf6 28. Rf3 g4 29. Rf4 h5 30. Qf5 a6 31. Qg5+ Qg6 32. Qxg6+ Kxg6 33. Kf2 Kg5 34. h4+ Kg6 35. g3 Ne4+ 36. Kg2 Nf6 37. Rf1 Kg7 38. b4 Kf7 39. Rf5 Ke6 40. Re5+ 1/2-1/2

[Event "CZE-ch U14 Girls"]
[Site "Kouty nad Desnou"]
[Date "2009.03.09"]
[Round "3"]
[White "Richterova, Natasa"]
[Black "Budikova, Katerina"]
[Result "1-0"]
[WhiteElo "1409"]
[BlackElo "1250"]
[PlyCount "103"]
[EventDate "2009.03.07"]
[EventType "swiss"]
[EventRounds "9"]
[EventCountry "CZE"]
[SourceTitle "EXT 2011"]
[Source "ChessBase"]
[SourceDate "2010.11.26"]
[SourceVersion "1"]
[SourceVersionDate "2010.11.26"]
[SourceQuality "1"]

1. e4 e6 2. d4 d5 3. exd5 exd5 4. Bd3 c5 5. Nf3 Bg4 6. Be3 Nd7 7. h3 Bh5 8. c3 Bd6 9. Nbd2 Ngf6 10. Bg5 0-0 11. 0-0 h6 12. Be3 Re8 13. Re1 Ne4 14. dxc5 Bxc5 15. Qc2 Nxd2 16. Nxd2 Bxe3 17. Rxe3 Rxe3 18. fxe3 Qg5 19. Nf1 Ne5 20. Be2 Bg6 21. Qd2 Bd3 22. Kh1 Be4 23. Bd1 Qh4 24. b3 Qxh3+ 25. Nh2 Rc8 26. Bc2 Qh4 27. Bxe4 Ng4 28. g3 Qxh2+ 29. Qxh2 Nxh2 30. Bxd5 Ng4 31. c4 Nxe3 32. Bxb7 Rc7 33. Bf3 Rd7 34. Re1 Rd3 35. Be4 Rc3 36. Kg1 Ng4 37. Bf5 Rxg3+ 38. Kh1 g6 39. Bxg4 Rxg4 40. Rc1 Re4 41. c5 Re8 42. a4 a5 43. c6 Rc8 44. Rc5 Kf8 45. Rxa5 Ke7 46. b4 Kd6 47. b5 f5 48. Ra7 Kc5 49. Rb7 Kb4 50. c7 Kxa4 51. b6 Kb5 52. Rb8 1-0

[Event "CZE-ch U14 Girls"]
[Site "Sec u Chrudimi"]
[Date "2008.03.11"]
[Round "5"]
[White "Zitna, Aneta"]
[Black "Budikova, Katerina"]
[Result "1-0"]
[WhiteElo "1100"]
[BlackElo "1250"]
[PlyCount "131"]
[EventDate "2008.03.08"]
[EventType "swiss"]
[EventRounds "9"]
[EventCountry "CZE"]
[SourceTitle "EXT 2009"]
[Source "ChessBase"]
[SourceDate "2008.11.26"]
[SourceVersion "1"]
[SourceVersionDate "2008.11.26"]
[SourceQuality "1"]

1. e4 e5 2. Nf3 Nc6 3. Nc3 Nf6 4. Bb5 d6 5. 0-0 Be7 6. d3 Bd7 7. Re1 0-0 8. d4 exd4 9. Nxd4 Nxd4 10. Qxd4 c6 11. Bc4 Be6 12. Bb3 Ng4 13. Bf4 h6 14. Qd2 b5 15. Rad1 Ne5 16. Qe3 Qd7 17. Qg3 Bg4 18. Ne2 Qc7 19. Bxe5 dxe5 20. Qxg4 a5 21. c3 a4 22. Bc2 b4 23. b3 a3 24. c4 c5 25. Ng3 Bg5 26. Nf5 Rad8 27. Qg3 g6 28. Ne3 Bxe3 29. Qxe3 Kh7 30. Rd5 Rxd5 31. exd5 Re8 32. Rd1 Rd8 33. Be4 Qe7 34. Qd3 Kg7 35. d6 Qf6 36. d7 Kf8 37. Bf3 Ke7 38. Bg4 h5 39. Bh3 g5 40. Bf5 h4 41. h3 Qc6 42. Bg4 e4 43. Qd2 f6 44. Kf1 Qb7 45. Ke2 Qc6 46. Ke3 Qb7 47. f3 exf3 48. gxf3 Qc7 49. Qd5 Qf4+ 50. Kd3 Qe5 51. Qxe5+ fxe5 52. Ke4 Kf7 53. Rd5 Ke7 54. Kxe5 Rb8 55. Rd6 Ra8 56. Kd5 Rb8 57. Kc6 Ra8 58. Re6+ Kf7 59. Kb7 Rf8 60. Kc7 Kg7 61. d8Q Rxd8 62. Kxd8 Kf7 63. Ra6 Kg7 64. Ke7 Kh7 65. Kf8 Kh8 66. Rh6# 1-0

[Event "CZE-ch U14 Girls"]
[Site "Sec u Chrudimi"]
[Date "2008.03.10"]
[Round "4"]
[White "Budikova, Katerina"]
[Black "Bartosova, Veronika"]
[Result "1-0"]
[WhiteElo "1250"]
[BlackElo "1250"]
[PlyCount "71"]
[EventDate "2008.03.08"]
[EventType "swiss"]
[EventRounds "9"]
[EventCountry "CZE"]
[SourceTitle "EXT 2009"]
[Source "ChessBase"]
[SourceDate "2008.11.26"]
[SourceVersion "1"]
[SourceVersionDate "2008.11.26"]
[SourceQuality "1"]

1. e4 e5 2. Nf3 Nc6 3. Nc3 Bb4 4. a3 Ba5 5. d3 d6 6. h3 Nd4 7. Bd2 Nf6 8. Be2 Nxf3+ 9. Bxf3 g5 10. Bxg5 Rg8 11. Bh4 Be6 12. 0-0 Bxh3 13. Nd5 Rg6 14. d4 c6 15. Nxf6+ Rxf6 16. Bxf6 Qxf6 17. gxh3 Qg6+ 18. Bg2 Ke7 19. d5 Rg8 20. Qf3 cxd5 21. exd5 e4 22. Qg3 Bb6 23. Kh1 Bxf2 24. Qxf2 Kd7 25. Rg1 Qg3 26. Qe2 f5 27. Bxe4 Qxh3+ 28. Qh2 Rxg1+ 29. Rxg1 Qe3 30. Bxf5+ Ke7 31. Qxh7+ Kf6 32. Qg6+ Ke5 33. Qh5 Kxd5 34. Bd3+ Ke6 35. b4 d5 36. Rg6+ 1-0